00779nam a2200169 i 450000100060000000300090000600500170001500700030003200800410003504000200007610000440009624501930014026001060033330001150043965000330055485200220058768784ES-MaACL20250721193128.0t|960828s1876 sp a ||||1| spa d aCAM bspa cCAM1 aGiné y Partagás, Juan (d1836-1903)10aTratado teórico-práctico de freno-patología o Estudio de las enfermedades mentales fundado en la clinica y en la fisiología de los centros nerviosos / cpor Juan Giné y Partagas. aMadrid : bMoya y Plaza libreros editores, c1876 (fEstablecimiento tipográfico de Eduardo Cuesta) aVII, 572 p., [4] h. pleg., [2] h. dobles de lám., [1] h. pleg. de plano, [4] h. de lám. : bil. ; c22 cm. 7aEnfermedades mentales2embne aES-MaACLjG-14980